Devrim yasaları odağında öğretim birliği (Record no. 5957)

MARC details
000 -BAŞLIK
Sabit Uzunlukta Kontrol Alanı 00625na a2200229 4500
001 - KONTROL NUMARASI
Denetim Alanı 19095
003 - KONTROL NUMARASI IDENTIFIER
Denetim Alanı MIRAKIL
005 - SON İŞLEM TARİHİ VE ZAMANI
Denetim Alanı 20181213155052.0
008 - SABİT-BOY VERİ ELEMANLARI - GENEL BİLGİLER
Sabit Uzunlukta Kontrol Alanı 170116b tu 000 0
020 ## - ULUSLARARASI STANDART KİTAP NUMARASI
Uluslararası Standart Kitap Numarası 9756572027
040 ## - KATALOGLAMA KAYNAK
Orijinal Kataloglama Ajansı Milas
Kataloglama Dili tur
Metne Dönüştürmek Ajansı TR-AnCHP
041 ## - DİL KODU
Metin / Ses Parça Veya Ayrı Başlığın Dil Kodu tur
082 ## - DEWEY ONLU SINIFLANDIRMA NUMARASI
Sınıflandırma Numarası 370.9561
Ürün Numarası A23d 2001
090 ## - SINIFLAMA NUMARASI
Sınıflama Numarası 370.9561 A23d 2001
100 ## - ANA GİRİŞ - KİŞİSEL İSİM
Kişisel Ad Adem, Mahmut
245 ## - BAŞLIK TABLOSU
Başlık Devrim yasaları odağında öğretim birliği
Sorumluluk Tablosu, Vb Mahmut Adem
260 ## - YAYIN, DAĞITIM, VB
Yayın, Dağıtım, Vb Yeri İstanbul
Yayıncı, Dağıtıcı, Vs Adı Çağdaş Eğitim Vakfı
Yayın, Dağıtım, Vb Tarihi 2001
300 ## - FİZİKSEL TANIM
Kapsam 141 s.
Boyutlar 23 sm.
500 ## - GENEL NOT
Genel Not Kaynakça var.
650 ## - KONU KATMA GİRİŞ - TOPİKAL DÖNEM
Topikal Süreli Veya Coğrafi Ad Giriş Elemanı Eğitim ve öğretim
Coğrafi Alt Bölümü Türkiye
942 ## - EKLENDİ GİRİŞ ELEMANLARI (KOHA)
Sınıflandırma Veya Raf Düzeni Kaynak Dewey Decimal Classification
Koha Öğesi Türü Books
999 ## - SİSTEM KONTROL NUMARALARI (KOHA)
Koha Biblionumber 5957
Koha Biblioitemnumber 5957
Holdings
Kalıcı Konum Mevcut Konum Edinme Tarihi Edinim Kaynak Toplam Check-Out'Lar Tam Çağrı Numarası Barkod Tarih Son Görülme İtibaren Geçerli Fiyatlar Koha Öğesi Türü
CHP Kütüphanesi CHP Kütüphanesi 12/08/2016 Bağış   370.9561 A23d 2001 010589 12/08/2016 12/08/2016 Books